Zákazníci očakávajú pohodlie a zážitky

Index hodnoty značiek reťazcov, pôsobiacich na tunajšom trhu. Hodnotenie jednotlivých reťazcov. Atribúty, ktoré tvoria hodnotenie značky. Trendy v maloobchode.

Gespeichert in:
Bibliographische Detailangaben
1. Verfasser: Mišíková, Veronika
Format: Buchkapitel
Sprache:Slowakisch
Schlagworte:
Tags: Tag hinzufügen
Keine Tags, Fügen Sie das erste Tag hinzu!

MARC

LEADER 00000naa a2200000 4500
001 0238216
005 20200305102020.4
041 0 |a slo 
044 |a CZ 
245 1 0 |a Zákazníci očakávajú pohodlie a zážitky  |c Veronika Mišíková 
520 |a Index hodnoty značiek reťazcov, pôsobiacich na tunajšom trhu. Hodnotenie jednotlivých reťazcov. Atribúty, ktoré tvoria hodnotenie značky. Trendy v maloobchode. 
610 2 0 |a dopyt spotrebiteľský 
610 2 0 |a spokojnosť zákazníkov 
610 2 0 |a potraviny 
610 2 0 |a reťazce obchodné 
610 2 0 |a predajne 
610 2 0 |a značky kvality 
100 1 |a Mišíková, Veronika